Top 10 Most Subscribed Youtubers - Statistics

General Stats
  • This quiz has been taken 94 times
  • The average score is 4 of 10
Answer Stats
Hint Answer % Correct
1st MrBeast
97%
8th PewDiePie
81%
2nd T-Series
76%
3rd Cocomelon
56%
10th WWE
28%
4th SET India
22%
7th Like Nastya
20%
5th Kids Diana Show
18%
6th Vlad and Niki
18%
9th Zee Music Company
14%
No matching quizzes found
Score Distribution
Percent of People with Each Score
Percentile by Number Answered
Your Score History
You have not taken this quiz